| 000 | 00562cam a22002412a 4500 | ||
|---|---|---|---|
| 999 |
_c35113 _d35113 |
||
| 001 | 024683 | ||
| 003 | AR-FADEU | ||
| 005 | 20220510120645.0 | ||
| 008 | 311216n1990####xxu####################dd | ||
| 020 | _a968-39-0388-6 | ||
| 040 | _cBiblioteca Ernesto Sábato | ||
| 092 |
_a321.8 _bL735 _eJLS |
||
| 100 | _aLinz, Juan J. | ||
| 245 | _aLa quiebra de las democracias | ||
| 260 | _aMéxico | ||
| 260 | _bAlianza | ||
| 260 | _c1990 | ||
| 300 | _a169 p | ||
| 440 |
_aLos noventa _n 37 |
||
| 650 | _aDEMOCRACIA | ||
| 650 | _aJLS | ||
| 942 |
_cJLS _2ddc |
||